Sons and Daughters Weddings Quiz Stats

 Plays Quiz not verified by Sporcle

Challenge
Share
Tweet
Embed
Score 0/18 Timer 08:00
0 Plays Today
% Correct
???
78.8%
???
73.8%
???
71.3%
???
70%
???
70%
???
68.8%
???
67.5%
???
66.3%
???
65%
% Correct
???
62.5%
???
60%
???
60%
???
56.3%
???
56.3%
???
55%
???
55%
???
42.5%
???
31.3%

You're not logged in!

Compare scores with friends on all Sporcle quizzes.
Join for Free
OR
Log In

You Might Also Like...

Show Comments

Extras

Created Jan 5, 2016ReportNominate
Tags:australia, soap, Soap Operas

Top Quizzes Today


Score Distribution

Your Account Isn't Verified!

In order to create a playlist on Sporcle, you need to verify the email address you used during registration. Go to your Sporcle Settings to finish the process.

Report this User

Report this user for behavior that violates our Community Guidelines.

Details: